Qui chante cette musique ? - Statistiques

Statistiques générales
  • Ce quiz a été pris 351 fois
  • Le résultat moyen est 7 sur 20
Statistiques - réponses
Musiques Chanteurs % Correct
Hier encore Charles Aznavour
73%
Je suis malade Serge Lama
69%
Dans les yeux d’Emilie Joe Dassin
66%
Bambino Dalida
64%
Mon mec a moi Patricia Kaas
57%
L'homme a la moto Edith Piaf
54%
Allo maman Bobo Alain Souchon
50%
Laisse moi t’aimer Mike Brant
43%
La Madrague Brigitte Bardot
39%
Bébé requin France Gall
23%
Emmène moi danser ce soir Michèle Torr
22%
Je sais Claude François
18%
Une femme amoureuse Mireille Mathieu
17%
Voilà Françoise Hardy
15%
Je ne te suffit pas Frédéric François
14%
Avant de nous dire adieu Jeane Manson
14%
Quoi Jane Birkin
11%
Une femme avec toi Nicole Croisille
11%
Mon amour, mon ami Marie Laforet
10%
Arrête, arrête ne me touche pas Patricia Carli
6%
Aucun quiz correspondant
Distribution des résultats
% des personnes avec chaque résultat
Percentile par nombre de réponses
Votre historique - résultats
Vous n’avez pas pris ce quiz